00893cam a22002418a 450000500170000000800410001701000140005802000270007203500130009903700150011204000180012708200120014510000160015724500960017326000470026927000480031630000260036450000510039065000210044194200260046299900170048895201460050520080916184717.0080911s2008 ii 001 0 eng  aENG-91950 a9788184501391c1950.00 aEN-75483 bDBAD / PUB adplbEnglish  a613.071 aGoel, S.L.  aHealth education administration:cby S.L. Goelbfrom international level to village level / aNew Delhi bDeep & Deep Publicationsc2008 aF-159, Rajouri Garden, bNew Delhi e110027 axv, 372p.c24cm (Hb)  aIncludes bibliographical references and index. aHealth education 2ddccENmGOEh613.071 c19363d19363 00102ddc40718NFICaDBADbDBADd2008-12-02eDBAD / PUBg1950.00l0o613.071 GOEpEN-75483r2008-12-02 00:00:00t1v1950.00w2008-12-02yEN